Delft hydraulics communication.
Zapisane w:
| Korporacja: | |
|---|---|
| Format: | Książka |
| Język: | English |
| Wydane: |
Delft, The Netherlands : Waterloopkundig Laboratorium = Delft Hydraulics Laboratory,
[1986-1987]
|
| Hasła przedmiotowe: | |
| Etykiety: |
Dodaj etykietę
Nie ma etykietki, Dołącz pierwszą etykiete!
|
MARC
| LEADER | 00000nam a2200000Ia 4500 | ||
|---|---|---|---|
| 005 | 20221231143954.0 | ||
| 008 | 140114s ne a 000 ||eng d | ||
| 110 | |a Waterloopkundig Laboratorium (Delft, Netherlands) |9 21068 | ||
| 245 | |a Delft hydraulics communication. | ||
| 260 | |a Delft, The Netherlands : Waterloopkundig Laboratorium = Delft Hydraulics Laboratory, |c [1986-1987] | ||
| 300 | |a Vols. ilustraciones | ||
| 500 | |a En el CEDI se encuentran los siguientes Technical report. No. 369,370,372,373,374,375,376,377,378,380,381,382, 383,384 | ||
| 650 | |x HYDRAULICS |x OCEAN WAVES |9 21069 | ||
| 942 | |c CR |2 ddc | ||
| 999 | |c 15002 |d 15002 | ||
